000 01110nam a2200313 c 4500
999 _c174404
_d174404
003 BLK
005 20230227155753.0
008 180411b bul|||||r ||||||| ||bul||
010 _aKNG00182880000
020 _a978-954-371-368-4
040 _aBLK
041 _aBUL
_cBUL
072 7 _2bullib
_aН8400
_xБългарска поезия Н
080 _aБългарска литература
_b821.163.2
_x-1
_z821.163.2-1
100 1 _aДрагнев, Драгни Георгиев
_eпърви автор
_9300880
139 _aДрагнев, Драгни Георгиев
_bД 85
245 1 0 _aВзаимни сетива
_bСтихове
_cДрагни Георгиев Драгнев.
257 _aBGR
260 _bМатадор 74
_c2012
300 _a60 с.
_c21 см
380 _aX
653 _aстихотворения
659 _aН
852 _aЦб 277145
856 4 _qpdf
_i0.00
_ldisable
856 4 _qpdf
_i0.00
_ldisable
942 _cKNG
_n0
_s1
944 _aCR
_c29.09.2015
_lф /
_kВиолета_Тройчева
944 _aED
_c22.12.2015
_lф /
_kЛюдмила_Стоянова
999 _d174404